[Event "Sitges Sunway op 10th"]
[Site "Sitges"]
[Date "2023.12.22"]
[Round "10"]
[White "Aradhya, Garg"]
[Black "Tin, Jingyao"]
[Result "1/2-1/2"]
[WhiteElo "2371"]
[BlackElo "2573"]
[PlyCount "80"]
[EventDate "2023.12.12"]
[EventType "swiss"]
[EventRounds "10"]
[EventCountry "ESP"]
[SourceTitle "CB52_2023"]
[SourceDate "2023.12.27"]
[SourceVersion "1"]
[SourceVersionDate "2023.12.27"]
[SourceQuality "1"]

1. d4 d5 2. c4 e6 3. Nc3 a6 4. cxd5 exd5 5. Bf4 c6 6. e4 dxe4 7. Bc4 b5 8. Bb3 Nf6 9. d5 b4 10. dxc6 Qxd1+ 11. Nxd1 Nxc6 12. Ne2 Na5 13. Ba4+ Bd7 14. Bxd7+ Nxd7 15. Ng3 Nc5 16. Be3 Nab7 17. 0-0 Bd6 18. Rc1 0-0 19. Rc4 f5 20. Rxb4 Rf7 21. f4 Nd3 22. Rb6 g6 23. Nc3 a5 24. Nge2 Bc5 25. Bxc5 Nbxc5 26. b3 Rd7 27. h3 Kf7 28. g4 Ne6 29. Rb5 Ndc5 30. a3 Kf6 31. b4 axb4 32. axb4 Nb3 33. Nd5+ Kg7 34. gxf5 gxf5 35. Ne3 Kh8 36. Nxf5 Nd2 37. Rc1 Nf3+ 38. Kf2 Rd2 39. Ra5 Re8 40. Ke3 Rd3+ 1/2-1/2

[Event "Sitges Sunway op 10th"]
[Site "Sitges"]
[Date "2023.12.20"]
[Round "8"]
[White "Golubka, Petr"]
[Black "Tin, Jingyao"]
[Result "1/2-1/2"]
[WhiteElo "2440"]
[BlackElo "2573"]
[PlyCount "87"]
[EventDate "2023.12.12"]
[EventType "swiss"]
[EventRounds "10"]
[EventCountry "ESP"]
[SourceTitle "CB52_2023"]
[SourceDate "2023.12.27"]
[SourceVersion "1"]
[SourceVersionDate "2023.12.27"]
[SourceQuality "1"]

1. d4 d5 2. c4 c6 3. cxd5 cxd5 4. Bf4 Nc6 5. e3 Nf6 6. Nc3 a6 7. Bd3 Bg4 8. Nge2 e6 9. 0-0 Be7 10. Rc1 0-0 11. Na4 Nd7 12. a3 Rc8 13. h3 Bh5 14. b4 e5 15. dxe5 Ncxe5 16. Rxc8 Qxc8 17. Bxe5 Nxe5 18. Nb6 Qc6 19. Nxd5 Bg5 20. e4 f5 21. Qb3 Bf7 22. f4 Nxd3 23. fxg5 Bxd5 24. Qxd5+ Qxd5 25. exd5 Rd8 26. Nc3 g6 27. Rd1 Nb2 28. Re1 Kf7 29. Re6 Nc4 30. a4 Re8 31. Rxe8 Kxe8 32. Kf2 Kd7 33. Ke2 Kd6 34. Kd3 Na3 35. g4 fxg4 36. hxg4 Ke5 37. a5 Kd6 38. Ke4 Nc2 39. Na4 Nxb4 40. Nb6 Nc2 41. Kd3 Ne1+ 42. Ke2 Nc2 43. Kd3 Ne1+ 44. Ke4 1/2-1/2

[Event "Sitges Sunway op 10th"]
[Site "Sitges"]
[Date "2023.12.16"]
[Round "5"]
[White "Tin, Jingyao"]
[Black "Atanasov, Anthony"]
[Result "1-0"]
[WhiteElo "2573"]
[BlackElo "2381"]
[PlyCount "91"]
[EventDate "2023.12.12"]
[EventType "swiss"]
[EventRounds "10"]
[EventCountry "ESP"]
[SourceTitle "CB52_2023"]
[SourceDate "2023.12.27"]
[SourceVersion "1"]
[SourceVersionDate "2023.12.27"]
[SourceQuality "1"]

1. d4 d5 2. Nf3 Nf6 3. e3 Bf5 4. c4 c6 5. Nc3 a6 6. Bd3 Bxd3 7. Qxd3 e6 8. 0-0 Bb4 9. Bd2 0-0 10. Rfd1 a5 11. a3 Bxc3 12. bxc3 Qc7 13. Rdc1 Rc8 14. c5 Nbd7 15. c4 Ne4 16. Rab1 Rcb8 17. Be1 Qd8 18. h3 h6 19. Rb2 Qc7 20. Qc2 Ra7 21. cxd5 exd5 22. Nh4 Ndf6 23. f3 Ng3 24. Bxg3 Qxg3 25. Nf5 Qc7 26. Qf2 Re8 27. Rcb1 Qb8 28. a4 Re6 29. Nd6 Re7 30. Rb6 Qa8 31. R1b3 Ne8 32. Nf5 Rd7 33. Qg3 Kh7 34. Rxc6 bxc6 35. Rb8 Qb7 36. Rxb7 Raxb7 37. Qe5 Nf6 38. Nd6 Rbc7 39. e4 Re7 40. Qf5+ Kg8 41. e5 Nd7 42. Qb1 g6 43. f4 Nf8 44. Qb8 Ra7 45. g4 Kg7 46. f5 1-0

[Event "FIDE World Cup"]
[Site "Baku"]
[Date "2023.08.02"]
[Round "2.1"]
[White "Tin, Jingyao"]
[Black "Mamedyarov, Shakhriyar"]
[Result "1/2-1/2"]
[WhiteElo "2573"]
[BlackElo "2742"]
[PlyCount "105"]
[EventDate "2023.07.30"]
[EventType "k.o."]
[EventRounds "8"]
[EventCountry "AZE"]
[SourceTitle "EXT 2024"]
[Source "ChessBase"]
[SourceDate "2023.10.10"]
[SourceVersion "1"]
[SourceVersionDate "2023.10.10"]
[SourceQuality "1"]

1. d4 d5 2. c4 dxc4 3. Nf3 a6 4. e3 b5 5. a4 Bb7 6. b3 e6 7. bxc4 bxc4 8. Bxc4 c5 9. 0-0 Nf6 10. Ba3 Nbd7 11. Nbd2 Be7 12. Nb3 cxd4 13. Bxe7 Qxe7 14. Qxd4 e5 15. Qd2 0-0 16. Rfc1 h6 17. Qa5 Rfc8 18. Nfd2 g6 19. h3 Kg7 20. Be2 Qe6 21. Rab1 Rab8 22. Nc5 Nxc5 23. Rxc5 Rxc5 24. Qxc5 Rc8 25. Qa7 Bc6 26. Qxa6 Ra8 27. Qc4 Qe8 28. Qc5 Bxa4 29. Nc4 Nd7 30. Qd5 Rb8 31. Ra1 Bb3 32. Ra7 Rc8 33. Qb5 Nc5 34. Qb4 Bxc4 35. Bxc4 Ne6 36. Kh2 Qc6 37. Bb3 Rc7 38. Rxc7 Qxc7 39. Bxe6 fxe6 40. Qe4 Qd6 41. Qb7+ Kf6 42. Qh7 e4+ 43. g3 h5 44. Qg8 Qc5 45. g4 Qd6+ 46. Kg2 hxg4 47. hxg4 Kg5 48. Qf7 Qe5 49. Qh7 Kxg4 50. Qxg6+ Kh4 51. Qh6+ Qh5 52. Qxe6 Qg6+ 53. Qxg6 1/2-1/2

[Event "Singapore Olympic Esports Gp-A"]
[Site "Singapore"]
[Date "2023.06.23"]
[Round "5.3"]
[White "Chigaev, Maksim"]
[Black "Tin, Jingyao"]
[Result "1-0"]
[WhiteElo "2617"]
[BlackElo "2570"]
[PlyCount "49"]
[EventDate "2023.06.23"]
[EventType "tourn (blitz)"]
[EventRounds "5"]
[EventCountry "SIN"]
[EventCategory "14"]
[SourceTitle "CBM 214 Extra"]
[Source "ChessBase"]
[SourceDate "2023.07.31"]
[SourceVersion "1"]
[SourceVersionDate "2023.07.31"]
[SourceQuality "1"]

1. d4 d5 2. c4 c6 3. Nf3 Nf6 4. Nc3 e6 5. g3 dxc4 6. Bg2 b5 7. Ne5 Nd5 8. a4 Bb4 9. Bd2 Bb7 10. 0-0 a6 11. e4 Nxc3 12. bxc3 Be7 13. Qh5 0-0 14. Ng4 c5 15. Nh6+ gxh6 16. Bxh6 Kh8 17. axb5 axb5 18. Rxa8 Bxa8 19. Ra1 Nd7 20. Ra7 cxd4 21. Bxf8 Qxf8 22. Rxd7 dxc3 23. Qxb5 Bf6 24. Qxc4 Kg7 25. h4 1-0

[Event "Singapore Olympic Esports Gp-A"]
[Site "Singapore"]
[Date "2023.06.23"]
[Round "2.4"]
[White "Tin, Jingyao"]
[Black "Nguyen, Ngoc Truong Son"]
[Result "1/2-1/2"]
[WhiteElo "2570"]
[BlackElo "2645"]
[PlyCount "66"]
[EventDate "2023.06.23"]
[EventType "tourn (blitz)"]
[EventRounds "5"]
[EventCountry "SIN"]
[EventCategory "14"]
[SourceTitle "CBM 214 Extra"]
[Source "ChessBase"]
[SourceDate "2023.07.31"]
[SourceVersion "1"]
[SourceVersionDate "2023.07.31"]
[SourceQuality "1"]

1. d4 Nf6 2. c4 e6 3. Nc3 d5 4. Nf3 a6 5. cxd5 exd5 6. Bg5 Be6 7. Qb3 Nbd7 8. e3 Rb8 9. Qd1 h6 10. Bh4 g5 11. Bg3 Nh5 12. Bd3 Nxg3 13. hxg3 Qf6 14. e4 dxe4 15. Nxe4 Qe7 16. 0-0 Bg7 17. Re1 c6 18. Bc4 0-0 19. Bxe6 fxe6 20. Qb3 Kh8 21. g4 Rf4 22. Ng3 Qf7 23. Rxe6 Nf8 24. Re4 Qxb3 25. axb3 Rxe4 26. Nxe4 Ne6 27. Rd1 Rd8 28. Kf1 Kg8 29. b4 b6 30. Ra1 Ra8 31. Rd1 Rd8 32. Ra1 Ra8 33. Rd1 Rd8 1/2-1/2

[Event "Asian Continental op 20th"]
[Site "Almaty"]
[Date "2023.06.11"]
[Round "9"]
[White "Daneshvar, Bardiya"]
[Black "Tin, Jingyao"]
[Result "1/2-1/2"]
[WhiteElo "2555"]
[BlackElo "2570"]
[PlyCount "84"]
[EventDate "2023.06.04"]
[EventType "swiss"]
[EventRounds "9"]
[EventCountry "KAZ"]
[SourceTitle "CBM 214 Extra"]
[Source "ChessBase"]
[SourceDate "2023.07.31"]
[SourceVersion "1"]
[SourceVersionDate "2023.07.31"]
[SourceQuality "1"]

1. Nf3 d5 2. g3 c6 3. Bg2 Bg4 4. c4 e6 5. cxd5 Bxf3 6. Bxf3 cxd5 7. Nc3 Nc6 8. d4 Nf6 9. 0-0 Be7 10. e3 0-0 11. Bd2 Na5 12. b3 Rc8 13. Qe2 Nc6 14. a3 Bd6 15. Rfd1 Qd7 16. Be1 Ne7 17. Qd3 h6 18. Ra2 Rc6 19. Rc1 Rfc8 20. Rcc2 a6 21. Bd1 R8c7 22. Nb1 Ne4 23. Rxc6 Rxc6 24. Rc2 f5 25. f3 Nf6 26. b4 Rxc2 27. Bxc2 g5 28. Nc3 Bb8 29. Na4 g4 30. Nc5 Qc6 31. fxg4 Nxg4 32. Ba4 b5 33. Bd1 h5 34. a4 Nc8 35. axb5 axb5 36. Be2 Na7 37. Qa3 Kf7 38. Qa5 Ke7 39. Qa3 Qc8 40. Bf3 Qc6 41. Be2 Qd6 42. Qd3 Qc6 1/2-1/2

[Event "Asian Continental blitz op 20th"]
[Site "Almaty"]
[Date "2023.06.03"]
[Round "6"]
[White "Tin, Jingyao"]
[Black "Mamedov, Edgar"]
[Result "1-0"]
[WhiteElo "2576"]
[BlackElo "2193"]
[PlyCount "83"]
[EventDate "2023.06.03"]
[EventType "swiss (blitz)"]
[EventRounds "9"]
[EventCountry "KAZ"]
[SourceTitle "CBM 214 Extra"]
[Source "ChessBase"]
[SourceDate "2023.07.31"]
[SourceVersion "1"]
[SourceVersionDate "2023.07.31"]
[SourceQuality "1"]

1. d4 d5 2. c4 c6 3. Nf3 Nf6 4. Nc3 e6 5. Bg5 Nbd7 6. e3 Qa5 7. Nd2 dxc4 8. Bxf6 Nxf6 9. Nxc4 Qc7 10. Rc1 Be7 11. Be2 0-0 12. 0-0 Rd8 13. Qc2 Bd7 14. a3 c5 15. dxc5 Qxc5 16. b4 Qc7 17. Qb3 Rac8 18. h3 Qb8 19. Bf3 Bc6 20. Bxc6 Rxc6 21. Na5 Rcc8 22. Nb5 a6 23. Nd4 Nd5 24. Rfd1 Rxc1 25. Rxc1 Rc8 26. Rc4 Bf6 27. Qc2 Rxc4 28. Qxc4 g6 29. Nf3 Kg7 30. e4 Nf4 31. h4 e5 32. g3 Ne6 33. Qd5 b6 34. Nc6 Qc7 35. Nfxe5 Bxe5 36. Nxe5 Qc3 37. Nd7 b5 38. Kg2 Qd4 39. Nc5 Qxd5 40. exd5 Nxc5 41. bxc5 a5 42. c6 1-0

[Event "Asian Continental blitz op 20th"]
[Site "Almaty"]
[Date "2023.06.03"]
[Round "1"]
[White "Tleukhanov, Yerlan"]
[Black "Tin, Jingyao"]
[Result "0-1"]
[WhiteElo "1959"]
[BlackElo "2576"]
[PlyCount "70"]
[EventDate "2023.06.03"]
[EventType "swiss (blitz)"]
[EventRounds "9"]
[EventCountry "KAZ"]
[SourceTitle "CBM 214 Extra"]
[Source "ChessBase"]
[SourceDate "2023.07.31"]
[SourceVersion "1"]
[SourceVersionDate "2023.07.31"]
[SourceQuality "1"]

1. e4 c6 2. d4 d5 3. exd5 cxd5 4. c4 Nf6 5. Nc3 Nc6 6. Nf3 a6 7. cxd5 Nxd5 8. Bc4 Be6 9. Bb3 Na5 10. Bxd5 Bxd5 11. Nxd5 Qxd5 12. 0-0 e6 13. Re1 Nc6 14. a3 Be7 15. Be3 0-0 16. Qd2 Rfd8 17. Rad1 Rac8 18. Qe2 Bf6 19. h4 h6 20. g3 Qb3 21. Rd3 Qd5 22. Red1 Qb5 23. Qd2 Na5 24. b4 Nc4 25. Qa2 Qf5 26. Kg2 b5 27. Bf4 Qd5 28. Kg1 Qe4 29. a4 bxa4 30. Rc3 Nb6 31. Rdc1 Rxc3 32. Rxc3 Nd5 33. Ra3 Nxf4 34. gxf4 Qxf4 35. Rxa4 Qxf3 0-1

[Event "Sharjah Masters 6th"]
[Site "Sharjah"]
[Date "2023.05.21"]
[Round "5"]
[White "Tin, Jingyao"]
[Black "Vidit, Santosh Gujrathi"]
[Result "0-1"]
[WhiteElo "2576"]
[BlackElo "2731"]
[PlyCount "74"]
[EventDate "2023.05.17"]
[EventType "swiss"]
[EventRounds "9"]
[EventCountry "UAE"]
[SourceTitle "CBM 215"]
[Source "ChessBase"]
[SourceDate "2023.08.31"]
[SourceVersion "1"]
[SourceVersionDate "2023.08.31"]
[SourceQuality "1"]

1. d4 d5 2. c4 e6 3. Nc3 c5 4. cxd5 exd5 5. Nf3 Nf6 6. g3 Nc6 7. a3 c4 8. Bg5 Be7 9. Bxf6 Bxf6 10. Bg2 0-0 11. e3 Be6 12. Ng1 Na5 13. Qh5 Nb3 14. Rd1 Qd7 15. h3 Rad8 16. Nge2 Rfe8 17. 0-0 g6 18. Qf3 Bg5 19. Nf4 Bxf4 20. Qxf4 Kg7 21. g4 Qd6 22. Qf3 Rf8 23. e4 dxe4 24. Qxe4 f5 25. Qe3 fxg4 26. Nb5 Qb6 27. Qe5+ Rf6 28. Nc7 gxh3 29. Bh1 Bf7 30. Bd5 Rd7 31. Bxf7 Qxc7 32. Be6 Nxd4 33. Qxc7 Rxc7 34. Bxh3 Ne2+ 35. Kh2 Rcf7 36. Rd7 Rxd7 37. Bxd7 Rb6 0-1

[Event "Sharjah Masters 6th"]
[Site "Sharjah"]
[Date "2023.05.18"]
[Round "2"]
[White "Harsha, Bharathakoti"]
[Black "Tin, Jingyao"]
[Result "1/2-1/2"]
[WhiteElo "2602"]
[BlackElo "2576"]
[PlyCount "57"]
[EventDate "2023.05.17"]
[EventType "swiss"]
[EventRounds "9"]
[EventCountry "UAE"]
[SourceTitle "CBM 215"]
[Source "ChessBase"]
[SourceDate "2023.08.31"]
[SourceVersion "1"]
[SourceVersionDate "2023.08.31"]
[SourceQuality "1"]

1. e4 e5 2. Nf3 Nc6 3. d4 exd4 4. Nxd4 Nf6 5. Nxc6 bxc6 6. e5 Qe7 7. Qe2 Nd5 8. g3 g6 9. c4 Ba6 10. b3 Bg7 11. Bb2 0-0 12. Bg2 Rae8 13. 0-0 Bxe5 14. Qxe5 Qxe5 15. Bxe5 Rxe5 16. cxd5 Bxf1 17. Kxf1 cxd5 18. Na3 c6 19. Rd1 Rfe8 20. Bf3 Kf8 21. Nc2 Ke7 22. Rd4 Kd6 23. Ra4 Ra8 24. Ra6 Ree8 25. Nb4 Kc5 26. Ra4 a5 27. Nd3+ Kb6 28. h4 f5 29. Nf4 1/2-1/2

[Event "Asia zt 3.3"]
[Site "Jakarta"]
[Date "2023.05.09"]
[Round "5"]
[White "Tin, Jingyao"]
[Black "Setyaki, Azarya Jodi"]
[Result "1-0"]
[WhiteElo "2576"]
[BlackElo "2414"]
[PlyCount "83"]
[EventDate "2023.05.06"]
[EventType "swiss"]
[EventRounds "9"]
[EventCountry "INA"]
[SourceTitle "CBM 214 Extra"]
[Source "ChessBase"]
[SourceDate "2023.07.31"]
[SourceVersion "1"]
[SourceVersionDate "2023.07.31"]
[SourceQuality "1"]

1. d4 Nf6 2. c4 g6 3. Nc3 Bg7 4. e4 d6 5. Nf3 0-0 6. Be2 e5 7. 0-0 Nc6 8. d5 Ne7 9. b4 Ne8 10. a4 f5 11. a5 Nf6 12. Ra3 fxe4 13. Ng5 Nf5 14. Ncxe4 Nxe4 15. Nxe4 Nd4 16. Bg5 Qe8 17. Be3 Bf5 18. Ng3 Qe7 19. a6 b6 20. Bxd4 exd4 21. Nxf5 Rxf5 22. Bg4 Re5 23. Be6+ Kh8 24. b5 Rf8 25. Rd3 Re4 26. g3 Qf6 27. h4 g5 28. hxg5 Qxg5 29. Rf3 Ref4 30. Rxf4 Rxf4 31. Qd3 Be5 32. Kg2 Rf6 33. Rh1 Qg7 34. Bf5 Rh6 35. Rxh6 Qxh6 36. f4 Bf6 37. Qe4 Qg7 38. Qe8+ Qg8 39. Qd7 h5 40. Qxc7 Bh4 41. g4 hxg4 42. Qxd6 1-0

[Event "SGP-ch 74th"]
[Site "Singapore"]
[Date "2023.02.12"]
[Round "9"]
[White "Tin, Jingyao"]
[Black "Ong, Yi Herng Joel"]
[Result "1-0"]
[WhiteElo "2598"]
[BlackElo "2086"]
[PlyCount "67"]
[EventDate "2023.01.27"]
[EventType "swiss"]
[EventRounds "9"]
[EventCountry "SIN"]
[SourceTitle "EXT 2024"]
[Source "ChessBase"]
[SourceDate "2023.10.10"]
[SourceVersion "1"]
[SourceVersionDate "2023.10.10"]
[SourceQuality "1"]

1. d4 Nf6 2. c4 e6 3. Nf3 Bb4+ 4. Bd2 Qe7 5. g3 Bxd2+ 6. Qxd2 Nc6 7. Nc3 d5 8. Ne5 Nxe5 9. dxe5 Nd7 10. cxd5 Nxe5 11. Bg2 0-0 12. 0-0 Rd8 13. Rfd1 Bd7 14. Qf4 Qf6 15. Qb4 Rab8 16. Ne4 Qf5 17. Qc5 Rbc8 18. Qxa7 exd5 19. Rxd5 Bc6 20. Rxd8+ Rxd8 21. Nc3 Qe6 22. Rd1 Re8 23. Bxc6 Qxc6 24. Qa4 Qxa4 25. Nxa4 g6 26. Kf1 Kg7 27. Rd4 Ra8 28. Nc3 c6 29. a4 h5 30. h3 f6 31. f4 c5 32. Rd5 Nc4 33. Rd7+ Kh6 34. Rxb7 1-0

[Event "SGP-ch 74th"]
[Site "Singapore"]
[Date "2023.02.04"]
[Round "5"]
[White "Siddharth, Jagadeesh"]
[Black "Tin, Jingyao"]
[Result "0-1"]
[WhiteElo "2396"]
[BlackElo "2598"]
[PlyCount "116"]
[EventDate "2023.01.27"]
[EventType "swiss"]
[EventRounds "9"]
[EventCountry "SIN"]
[SourceTitle "CBM 212 Extra"]
[Source "ChessBase"]
[SourceDate "2023.03.31"]
[SourceVersion "1"]
[SourceVersionDate "2023.03.31"]
[SourceQuality "1"]

1. Nf3 Nf6 2. g3 d5 3. Bg2 c5 4. 0-0 e6 5. d4 cxd4 6. Nxd4 Bc5 7. c4 0-0 8. cxd5 Nxd5 9. Nb3 Bb6 10. Na3 Nc6 11. Nc4 Bc7 12. Ne3 Nce7 13. Qd3 b6 14. Rd1 Bb7 15. Bd2 Qb8 16. Nxd5 Nxd5 17. Rac1 Be5 18. Qb1 a5 19. e4 a4 20. exd5 axb3 21. axb3 Bxd5 22. Bxd5 exd5 23. Bc3 Rd8 24. Bd4 Bxd4 25. Rxd4 Qe5 26. Qd3 Rd6 27. Rd1 Rad8 28. Qf3 h6 29. Kg2 g6 30. R1d2 Kg7 31. Qd3 Qf6 32. Rf4 Qe7 33. Rd4 Qb7 34. Qc3 Kg8 35. Qe3 h5 36. Qf3 Qc6 37. Qc3 Qe8 38. Qf3 Qe5 39. h4 Qe6 40. Qd3 Qe7 41. Qf3 Qe5 42. Qd3 Qe8 43. Qf3 Qb5 44. Re2 Qc6 45. Qc3 Re6 46. Qxc6 Rxc6 47. Re5 Rcd6 48. Re7 Re6 49. Rb7 Rf6 50. Rc7 Kg7 51. Kf1 Rdd6 52. Re7 Rf3 53. b4 Rdf6 54. Re2 Rxg3 55. Rxd5 Rg4 56. b5 Rxh4 57. Rc2 Rhf4 58. Kg2 R6f5 0-1

[Event "Perth op"]
[Site "Perth"]
[Date "2023.01.04"]
[Round "4"]
[White "Liu, Yi"]
[Black "Tin, Jingyao"]
[Result "0-1"]
[WhiteElo "2303"]
[BlackElo "2598"]
[PlyCount "74"]
[EventDate "2023.01.02"]
[EventType "swiss"]
[EventRounds "11"]
[EventCountry "AUS"]
[SourceTitle "CBM 212 Extra"]
[Source "ChessBase"]
[SourceDate "2023.03.31"]
[SourceVersion "1"]
[SourceVersionDate "2023.03.31"]
[SourceQuality "1"]

1. Nf3 d5 2. d4 Nf6 3. c3 e6 4. Bf4 Bd6 5. e3 0-0 6. Nbd2 c5 7. Bg3 Qc7 8. dxc5 Qxc5 9. Bd3 Nbd7 10. Qe2 e5 11. e4 dxe4 12. Bxe4 Re8 13. 0-0-0 Bf8 14. Ng5 h6 15. h4 Nxe4 16. Ngxe4 Qc6 17. Nc4 Re6 18. f3 b5 19. Ne3 Nb6 20. Kb1 a5 21. h5 Re8 22. Bh4 f5 23. Nd2 f4 24. Nc2 Bf5 25. Ne4 b4 26. Be1 bxc3 27. Bxc3 Na4 28. Ka1 Rab8 29. Ne1 Nxc3 30. Nxc3 Ba3 31. Nd3 Bxd3 32. Rxd3 Bxb2+ 33. Qxb2 Rxb2 34. Kxb2 Rb8+ 35. Kc2 a4 36. Rb1 Rxb1 37. Kxb1 Qb6+ 0-1

[Event "Perth op"]
[Site "Perth"]
[Date "2023.01.02"]
[Round "1"]
[White "Tin, Jingyao"]
[Black "Allison, Brian C"]
[Result "1-0"]
[WhiteElo "2598"]
[BlackElo "1624"]
[PlyCount "55"]
[EventDate "2023.01.02"]
[EventType "swiss"]
[EventRounds "11"]
[EventCountry "AUS"]
[SourceTitle "CBM 212 Extra"]
[Source "ChessBase"]
[SourceDate "2023.03.31"]
[SourceVersion "1"]
[SourceVersionDate "2023.03.31"]
[SourceQuality "1"]

1. Nf3 f5 2. g3 e6 3. Bg2 Nf6 4. 0-0 Be7 5. d3 0-0 6. c4 c6 7. a3 d6 8. b4 e5 9. Nc3 Nbd7 10. Rb1 d5 11. cxd5 e4 12. dxe4 fxe4 13. Ng5 Nxd5 14. Nxd5 Bxg5 15. Bxg5 Qxg5 16. Nc7 Rb8 17. Ne6 Qe5 18. Qb3 Nf6 19. Nxf8+ Kxf8 20. Rfd1 Be6 21. Qe3 Nd5 22. Qc5+ Ke8 23. b5 Bd7 24. bxc6 Bxc6 25. Rb4 Kf7 26. Rxe4 Qb2 27. Qd6 Ra8 28. Rxd5 1-0